Unstable SMP Teams - Statistics

General Stats
  • This quiz has been taken 108 times
  • The average score is 4 of 15
Answer Stats
Led By Activity Team % Correct
LettuceK Active (new leadership) The LAW
97%
Ashswagg Inactive The Invisible Mafia
91%
Leow0ok Disbanded B.A.T.
86%
Jaden_MAN Inactive Pirates
80%
ParrotX2 Active District 13
21%
Jaden_MAN Inactive The Avengers
18%
TheLobsterMan Inactive Ocean Rangers
11%
Boosfer Inactive Treasure Hunters
4%
JumperWho Active JumperWho's Spies
3%
LettuceKParrotX2 Active Northern Council
3%
PurpledParrotX2 Disbanded Warriors Council
3%
DocDespair8 Existing Soul Keepers
1%
LettuceK Unknown The Law's Elite Force
1%
Fantst Inactive Fantst's Team
0%
Driftop99 Destroyed Sculk Kingdom
0%
No matching quizzes found
Score Distribution
Percent of People with Each Score
Percentile by Number Answered
Your Score History
You have not taken this quiz